Zvýšenie odolnosti Slovenska voči hybridným hrozbám pomocou posilnenia kapacít verejnej správy zborník príspevkov
Saved in:
| Corporate Author: | |
|---|---|
| Other Authors: | , |
| Format: | Book |
| Language: | Slovak English |
| Published: |
Bratislava
Akadémia Policajného zboru v Bratislave
2024
|
| Edition: | 1. vydanie |
| Subjects: | |
| Tags: |
No Tags, Be the first to tag this record!
|
MARC
| LEADER | 00000nam a2200000 4500 | ||
|---|---|---|---|
| 001 | 0302901 | ||
| 005 | 20250923124106.8 | ||
| 020 | |a 978-80-8293-010-1 | ||
| 041 | 0 | |a slo | |
| 041 | 0 | |a eng | |
| 044 | |a SK | ||
| 245 | 1 | 0 | |a Zvýšenie odolnosti Slovenska voči hybridným hrozbám pomocou posilnenia kapacít verejnej správy |b zborník príspevkov |c recenzenti: Miroslav Lisoň, Robert Odler |
| 250 | |a 1. vydanie | ||
| 264 | 1 | |a Bratislava |b Akadémia Policajného zboru v Bratislave |c 2024 | |
| 300 | |a [330 s.] | ||
| 610 | 2 | 0 | |a správa verejná |
| 610 | 2 | 0 | |a útoky kybernetické |
| 610 | 2 | 0 | |a hrozby hybridné |
| 610 | 2 | 0 | |a bezpečnosť informačná |
| 610 | 2 | 0 | |a bezpečnosť kybernetická |
| 610 | 2 | 0 | |a technológie nové |
| 610 | 2 | 0 | |a technológie komunikačné |
| 610 | 2 | 0 | |a dezinformácie |
| 700 | 1 | |a Lisoň, Miroslav | |
| 700 | 1 | |a Odler, Robert | |
| 110 | 2 | |a Zvýšenie odolnosti Slovenska voči hybridným hrozbám pomocou posilnenia kapacít verejnej správy. Konferencia | |